000 00554nam a22002057a 4500
003 OSt
005 20140310183034.0
008 130219t xxu||||| |||| 00| 0 eng d
020 _a9712711439
050 _aDS 664
_b.L426 2001
082 _aFIL 899.2104
_b.L426 2001
245 _aLetras y figuras
_bbusiness in culture, culture in business
_cLaya, Jaime C.
260 _aManila
_bAnvil
_c2002
300 _a254 p.
_c24 cm.
_bill.
521 _acollege students
526 _c1210L-1700L
541 _j1
562 _e1
942 _2lcc
_cBK
_kFIL
999 _c18469
_d18469